000 00324nam a2200133Ia 4500
005 20251222142026.0
008 251222s9999||||xx |||||||||||||| ||spa||
082 _a853.914/D35
100 _aDe Lampedusa, Guiseppe Tomasi
245 0 _aEl Gatopardo
250 _a1ra.ed.
264 _bEditorial Noguer, S.A.
942 _cLIB
999 _c10802
_d10802